00578nam a2200145Ia 4500003000900000005001700009008004100026040002800067110006300095245010600158260008000264300004700344504002400391650001700415DO-SdBJH20180416180827.0180414s9999 dr 000 0 spa d aDO-SdBJHbspacDO-SdBJH aInstituto de Cooperación para la Seguridad Hemisférica10aFM 7-10 La compañía de infantería / Instituto de Cooperación para la Seguridad Hemisférica aFuerte Benning, Georgia : Cuartel General Secretaría del Ejército, 1990 aviii, 471 páginas en varias paginaciones aIncluye apéndices 4aInfantería